Island Countries Farthest from a Continental Mainland - Statistics

General Stats
  • This quiz has been taken 426 times
    422 since last reset
  • The average score is 12 of 15
Answer Stats
Min. Distance From Country % Correct
3080 Australia Kiribati
94%
3805 Australia Samoa
92%
3265 Australia Tuvalu
92%
2650 Australia Fiji
91%
3270 Australia Marshall Islands
91%
1550 Australia Palau
91%
2860 Australia Nauru
89%
3225 Australia Tonga
89%
1800 Australia Vanuatu
88%
2180 Australia Federated States of Micronesia
87%
1540 Australia Solomon Islands
87%
970 Norway Iceland
80%
1645 Australia New Zealand
78%
1850 Mozambique Mauritius
68%
940 Vietnam Brunei
29%
No matching quizzes found
Score Distribution
Percent of People with Each Score
Percentile by Number Answered
Your Score History
You have not taken this quiz since the last reset